000 00477 a2200181 4500
003 NUST
005 20240121164650.0
008 240121b ||||| |||| 00| 0 eng d
040 _aDLC
_bDLC
082 _a891.4393
_bAHM
100 _aUmaira Ahmad
_92510
245 _aHum kahan ke sachay thay
_cUmaira Ahmad
260 _aLahore
_bIrfan publishers
_c2010
300 _a160 p.
650 _aUrdu--noval
_925491
700 _aUmaira Ahmad
_92510
942 _cBK
_k891.4393 UMA
_2ddc
999 _c10748
_d10748